00830pam a2200265 a 4500001000500000005001700005020001500022040003300037050002100070082001200091100003700103245003900140250004500179260003800224300005600262490002100318505000800339520008700347521002000434521002000454650002300474650002100497650002500518650002100543352320250820085816.0 a0590443895 aDLCbengerdacDLCdDLCdDLC00aPZ7.M9534b 198600a823.9141 aMurphy, Jilld1949-2021,eauthor10aFive minutes' peace /cJill Murphy aFirst Scholastic printing, November 1990 aNew York : bScholastic , c1990  a28 unnmbered pages : bcolor illustrator ;c20 cm . aThe Large Family aK  aMrs. Large tries to take a peaceful, relaxing bath but her family has other ideas. a520 bLexile  aK bRaz-Plus  1aElephantsxFiction 1aMothersxFiction 1aFamily lifexFiction 1aHumorous stories